000 00674nam a2200193Ia 4500
003 GCL
008 140319s9999 xx 000 0 ara d
040 _aGCL /
_cGCL
082 0 4 _a001.6424
_bم ت
100 1 _aمجدى مقبول غريب
245 1 0 _aالتعامل مع Ms-Dos 6.2 /
_cمجدى مقبول غريب
260 _a[S.N] :
_bدار المجد للدراسات والبحوث الهندسية ،
_c1994
300 _a400 ص
490 _aكتب المهندس والحاسب الشخصى
_v0
650 0 4 _aالحاسبات الالكترونية
650 0 4 _aدوس
650 0 4 _aبرامج الحاسبات الالكترونية
942 _2ddc
_cBK
999 _c55513
_d55513